Polskie Stare Przeboje SPOTIFY - Statystyki

Ogólne statystyki
  • Ten quiz został rozwiązany 144 razy
  • Średni wynik to 10 z 19
Statystyki odpowiedzi
Wykonawca Odtworzenia na SPOTIFY Odpowiedź % Poprawnych
Dżem 19.173.655 Wehikuł Czasu
79%
JedenOsiemL 18.002.459 Jak Zapomnieć
77%
Jamal 18.450.511 Policeman
72%
Happysad 20.660.462 Zanim pójdę
70%
Lady Pank 18.342.979 Kryzysowa narzeczona
68%
Sidney Polak 15.870.081 Otwieram wino
68%
Lady Pank 12.127.743 Mniej niż zero
60%
Mr.Zoob 11.243.281 Mój jest ten kawałek podłogi
60%
Lady Pank 20.553.783 Zawsze tam gdzie Ty
60%
Yugopolis 13.664.541 Ostatnia Nocka
57%
Wilki 11.491.889 Urke
57%
Elektryczne gitary 11.899.635 Dzieci Wybiegły
49%
Strachy Na Lachy 10.888.101 Dzień dobry kocham cie
48%
Ich Troje 6.755.192 Zawsze Z Tobą Chciałbym Być
48%
Strachy Na Lachy 9.471.680 Czarny chleb i czarna kawa
45%
Kult 8.636.353 Gdy nie ma dzieci
37%
Hurt 5.953.417 Załoga G
32%
K.A.S.A. 3.411.917 Piękniejsza
26%
Zero 2.476.407 Bania U Cygana
12%
Nie znaleziono quizów pasujących do podanych kryteriów
Rozkład punktacji
Procent ludzi z każdym wynikiem
Percentyl według liczby udzielonych odpowiedzi
Twoja historia wyników
Nie rozwiązałeś tego quizu